000 01610nam a2200289Ia 4500
005 20151207141507.0
008 130821s1917 enk grdd eng
040 _aCo-BoUCM
_bspa
_cSandra Yazo
_dSandra Yazo
041 0 _aeng
082 0 4 _aR470.03
_220
092 _aE18N040
100 1 _aLewis, Charlton Thomas
_d1834-1904
_974170
242 0 0 _aUn diccionario de latín fundado en la edición de Andrews del diccionario de latín de Freund
_cpor Charlon T Lewis y Charles Short
_yspa
245 1 0 _aA Latin dictionary
_bfounded on Andrews' edition of Freund's Latin dictionary ...
_cby Charlon T. Lewis and Charles Short
246 1 3 _a[Un diccionario de latín fundado en la edición de Andrews del diccionario de latín de Freund]
260 _aOxford (Oxfordshire, Inglaterra)
_bClarendon Press
_c1917
300 _axiv, 2019 páginas
500 _aDetalles físicos: Encuadernación rígida en cartón forrado en cuero café; sobre las tapas recuadro repujado, letras y adornos en dorado sobre el lomo, incluye un pequeño escudo. Ejemplar desencuadernado. Rotas sus guardas y anteportada. Portada impresa a una sola tinta en diversos tipos de letra. Texto impreso en tres columnas con letra muy densa sobre papel de buena calidad.
505 _aA-Z
506 _aConsulta en sala.
520 _aTerminos latinos con su descripción en ingles
650 0 4 _aFilología
_915715
650 0 4 _aLatín
_vDiccionarios y enciclopedias
_xIngles
_918289
650 0 4 _aLingüística aplicada
_926519
700 1 _aShort, Charles
_d1761-1838
_974171
942 _cLIBRO
_a12
_e1
_2DEWEY
_h470.03
999 _c36253
_d36253